000 01615cam a2200397 a 4500
003 CHAP
005 20220329142810.0
008 031126d2001 mx ad r 10100 spa d
010 _a87917
011 _a88889
020 _a9688136662
035 _a99438
040 _cCHAP
082 0 4 _a331.063
_bS45
111 0 0 _aSeminario Estrategías Públicas y Políticas para la Generación de Empleo Rural
_d(2001 :
_cMéxico, D. F.)
_9104106
245 1 0 _aMemoria
_c/por Secretaría del Trabajo y Previsión Social
260 _aMéxico, D. F. :
_bSecretaría del Trabajo y Previsión Social,
_c2001.
300 _a114 p. :
_bilus. ; cuadros ; diagrama
590 _aBATCH-UPD
_b10
_c20130110
_lUCH01
_h0817
590 _aBATCH-UPD
_b10
_c20130410
_lUCH01
_h0454
590 _aBATCH-UPD
_b10
_c20130914
_lUCH01
_h1301
590 _aCONVERSION
_b10
_c20130109
_lUCH01
_h1349
650 1 4 _aAgricultura
_xTrabajadores
_xMexico.
_91867
650 1 4 _aEmpleo
_zMéxico.
_936587
650 1 4 _aMano de obra.
_970527
650 1 4 _aTrabajo y trabajadores
_xCongresos.
_9114518
650 1 4 _aTrabajo y trabajadores
_xMéxico
_xCongresos.
_9114531
650 1 4 _aTrabajo
_xOfertas de.
_9114483
901 _aBK
905 _aMarco A. Mendoza T.
942 _cLIBRO
949 _a331.063 S45
_bBC
_cCONG
_d33724000893137
_eCONG
_gDonaciØn
_h104163
_i99438
_sb
949 _a331.063 S45
_bBC
_cLIBRO
_d33724000893145
_eLIBRO
_fc.2
_gDonaciØn
_h104164
_i99438
_sb
949 _a331.063 S45
_bBC
_cLIBRO
_d33724000893152
_eLIBRO
_fc.3
_gDonaciØn
_h104165
_i99438
_sb
949 _a331.063 S45
_bBC
_cLIBRO
_d33724000893160
_eLIBRO
_fc.4
_gDonaciØn
_h104166
_i99438
_si
999 _c87917
_d87917